000 00530nam a2200181Ia 4500
003 GCL
008 140319s9999 xx 000 0 ara d
040 _aGCL /
_cGCL
082 0 4 _a813.083
_bس ك
100 1 _aسليمان فياض
245 1 0 _aكتاب النميمة /
_cسليمان فياض
250 _aالاولى
260 _aالقاهرة :
_bدار مصر المحروسة ،
_c2006
300 _a306ص ؛
_c24سم
650 0 4 _aالادب العربى
650 0 4 _aالقصص القصيرة
942 _2ddc
_cBK
999 _c8649
_d8649